000 00803nam a22001937a 4500
003 OSt
005 20250211161450.0
008 241004b |||||||| |||| 00| 0 eng d
040 _c0
100 _aCawayan, Riveal S.
_eauthor.
_962303
245 _aAn analysis of civic readiness of college students for the national election 2022 in barangay poblacion, Santa Maria, Davao Occidental.
_cRiveal S. Cawayan, Edlindon M. Solo, and Viola P. Buenaventura.
260 _aPhilippines ;
_bUniversity of Mindanao,
_c2022.
300 _avolume 14, pages 136-155,
_billustration.
500 _aResearch Journal, v. 13, iss. 1, pages 136-155, 2022.
700 _aCawayan, Riveal S.
_957401
_eauthor.
700 _aSolo, Edlindon M.
_957402
700 _aBuenaventura, Viola P.
_eauthor.
_964612
942 _2ddc
_cPER
999 _c22238
_d22238